Fusarium: Laboratory guide to the identification of the major species (Record no. 36706)

MARC details
000 -LEADER
fixed length control field 00358nam a2200121Ia 4500
082 ## - DEWEY DECIMAL CLASSIFICATION NUMBER
Classification number 582.28
Item number BOO
100 ## - MAIN ENTRY--AUTHOR NAME
Personal name BOOTH, C
245 #0 - TITLE STATEMENT
Title Fusarium: Laboratory guide to the identification of the major species
260 ## - PUBLICATION, DISTRIBUTION, ETC. (IMPRINT)
Place of publication England
Name of publisher Commonwealth Mycological Inst
Year of publication 1977
650 ## - SUBJECT ADDED ENTRY--TOPICAL TERM
Topical Term Fusarium fungi
942 ## - ADDED ENTRY ELEMENTS (KOHA)
Koha item type Books
Holdings
Withdrawn status Lost status Damaged status Not for loan Home library Current library Date acquired Full call number Accession Number Koha item type
        RRII Library RRII Library 16/12/2021 582.28 BOO 17107 Books